Freedom from obsession and oppression. (Record no. 16376)

000 -LEADER
fixed length control field 00479nam a2200157 a 4500
001 - CONTROL NUMBER
control field :::00019260$&:&@@
003 - CONTROL NUMBER IDENTIFIER
control field OkBaRHE
005 - DATE AND TIME OF LATEST TRANSACTION
control field 20100331142441.0
008 - FIXED-LENGTH DATA ELEMENTS--GENERAL INFORMATION
fixed length control field j 000 0 eng u
040 ## - CATALOGING SOURCE
Transcribing agency
100 1# - MAIN ENTRY--PERSONAL NAME
Personal name Grant, W. V. (Walter Vinson)
245 10 - TITLE STATEMENT
Title Freedom from obsession and oppression.
260 ## - PUBLICATION, DISTRIBUTION, ETC. (IMPRINT)
Place of publication, distribution, etc Dallas, Texas
Name of publisher, distributor, etc W. V. Grant
942 ## - ADDED ENTRY ELEMENTS (KOHA)
Source of classification or shelving scheme
Koha item type Books
Copies
Lost status Not for loan Barcode Full call number Koha item type Withdrawn status Date acquired Date last seen Price effective from Shelving location Copy number Source of classification or shelving scheme Damaged status Permanent Location
  19260BX 8764 .Z6 G7Books 2010-04-142010-04-142010-04-14General Stacks1  RHEMA Bible Training College